| 000 | 00784cam a2200253 i 4500 | ||
|---|---|---|---|
| 999 |
_c4425 _d4425 |
||
| 001 | 4634382 | ||
| 003 | GBCCL | ||
| 005 | 20241126110518.0 | ||
| 008 | 781025s1978 enk 000 0 eng | ||
| 010 | _a 78316202 | ||
| 015 | _aGB78-06636 | ||
| 020 |
_a0851106250 : _c£3.95. _a085110584X |
||
| 040 |
_aDLC _cDLC _dDLC |
||
| 050 | 0 | 0 |
_aBT380.2 _b.S86 1978b |
| 082 | 0 | 0 |
_a220.77 _a226.9077 _bSTO |
| 100 | 1 |
_aStott, John R. W. _9325 |
|
| 245 | 1 | 0 |
_aChristian counter culture : _bthe message of the Sermon on the Mount / _c[by] John R. W. Stott. |
| 260 |
_aLondon : _bInter-Varsity Press, _c1978. |
||
| 300 |
_a222 p. ; _c21 cm. |
||
| 490 | 0 | _aThe Bible speaks today | |
| 630 | 0 | 0 |
_aSermon on the mount. _9487 |
| 906 |
_a7 _bcbc _corignew _d4 _encip _f19 _gy-gencatlg |
||
| 942 |
_2ddc _cBK _01 |
||